00694cam a2200181 i 450000100100000000500170001000800410002704000250006808200160009310000480010924501080015726000430026530000270030870000370033504900090037295201140038199900170049500003520020200930074155.0760827s1933 sp b 000 0 spa  aDO-SdBNPbspacBNPHU axxxxbR621v1 aRivera, José Eustasio,d1888-1928.91059413aLa voragine /cJosé Eustasio Rivera ; al eximio literato y poeta doctor don Antonio Gómez Restrepo. aBarcelona :bM. Aguilar Editor,c1933. a310 p. ; il. ;c19 cm.1 aGómez Restrepo, Antonio914673 aBNGR 001050718MOaGRbGRcHDd2011-10-25iLF1l0oxxxx R621vp35200-10r2020-06-25w2020-06-25y1ZNo se presta c34691d34691